Introducción a los sistemas de bases de datos (Registro nro. 4867)
[ vista simple ]
| 000 -CABECERA | |
|---|---|
| campo de control de longitud fija | 00849aam a2200277 4500 |
| 005 - FECHA Y HORA DE ACTUALIZACIÓN | |
| campo de control | 20170124103029.0 |
| 008 - LONGITUD FIJA | |
| campo de control de longitud fija | 150421b xxu||||| |||| 00| 0 spa d |
| 041 ## - IDIOMA | |
| Código de idioma del texto/pista de sonido o título separado | |
| 082 ## - CLASIFICACIÓN DECIMAL DEWEY | |
| Número de clasificación | 005.756 U46i |
| 100 ## - AUTOR PERSONAL | |
| Nombre de persona | Ullman, Jeffrey |
| 100 ## - AUTOR PERSONAL | |
| Nombre de persona | Windom, Jennifer |
| 245 ## - TÍTULO PROPIAMENTE DICHO | |
| Título | Introducción a los sistemas de bases de datos |
| 260 ## - PIE DE IMPRENTA | |
| Lugar de publicación, distribución, etc. | México |
| Nombre del editor, distribuidor, etc. | Prentice-Hall |
| Fecha de publicación, distribución, etc. | 1999 |
| 300 ## - DESCRIPCIÓN FÍSICA | |
| Extensión | 488 páginas |
| 650 ## - Materia General | |
| Materia general | BASES DE DATOS |
| 650 ## - Materia General | |
| Materia general | SISTEMAS DE BASES DE DATOS |
| 650 ## - Materia General | |
| Materia general | ARQUITECTURA |
| 650 ## - Materia General | |
| Materia general | SISTEMAS DE ADMINISTRACIÓN DE BASES DE DATOS |
| 650 ## - Materia General | |
| Materia general | DISEÑO DE MODELOS |
| 650 ## - Materia General | |
| Materia general | LENGUAJE ODL |
| 650 ## - Materia General | |
| Materia general | BASES DE DATOS RELACIONALES |
| 650 ## - Materia General | |
| Materia general | OPERACIONES |
| 650 ## - Materia General | |
| Materia general | SQL |
| 650 ## - Materia General | |
| Materia general | CONSULTA ORIENTADA A OBJETOS |
| 942 ## - Punto de Acceso Adicional Koha | |
| Tipo de ítem Koha | Libro |
| Estado perdido | Estado dañado | No para préstamo | Biblioteca permanente | Biblioteca actual | Signatura completa | Código de barras | Precio efectivo a partir del | Tipo de ítem |
|---|---|---|---|---|---|---|---|---|
| Departamento de Biblioteca y Documentación Alfonso Chase Brenes | Departamento de Biblioteca y Documentación Alfonso Chase Brenes | 005.756 U46i | 9218 | 30/05/2016 | Libro | |||
| Departamento de Biblioteca y Documentación Alfonso Chase Brenes | Departamento de Biblioteca y Documentación Alfonso Chase Brenes | 005.756 U46i | 9219 | 30/05/2016 | Libro |